MDQL
is popping MORE tags! Check the
thread
!
Quizzes
Events
Quiz Creation
Community
Videos
Private Events
Remove Ads
Sign In
Join for FREE
Feedback
Dark Mode
Quiz Categories
Sports
Geography
Music
Movies
Television
Just For Fun
Miscellaneous
History
Literature
Language
Science
Gaming
Entertainment
Religion
Holiday
For Kids
Quiz Lab
Recent
Popular Today
Quiz Kudos Today
Editor Picks
Curator Picks
Quizzes by...
Day
Popularity
Type
Ratings
Length
Year
Community
Subscriptions
Recent Discussions
Orange Saloon
Badges
Playlists
Quests
Create
Leaderboards
Showdown
Live 5
Trivia Bingo
Activity
Puzzle Library
Sporcle Events
Private Events
Virtual Trivia
Globe League
Become a Host
Pub Owners
SporcleCon
Opinionation
Our Games
Videos
Blog
Mobile Apps
Partnerships
Remove Ads and Go Orange
Feedback
Literature
Harry Potter
A Song of Ice and Fire
The Hunger Games
Literary Character
Shakespeare
Book
Author
Novel
Poem
Young Adult
Children's Books
Play
Lord of the Rings
Literature
Harry Potter
A Song of Ice and Fire
The Hunger Games
Literary Character
Shakespeare
Book
Author
Novel
Poem
Young Adult
Children's Books
Play
Lord of the Rings
Random Quiz
Search Sporcle
×
Quiz Lab
Quiz Lab
Literature
Author
Type in answers that appear in a list
Type in answers that appear in a list
Classic
Best Score? Go Orange.
Iain Banks Books Stats
Can you name the books written by Iain (M) Banks?
By
nikki1810
4m
31 Questions
293 Plays
293 Plays
293 Plays
Comments
Comments
Give Quiz Kudos
Give Quiz Kudos
-
- Ratings
hide this ad
Replay
Link that replays current quiz
Next Quiz
Link to next quiz in quiz playlist
You Got
0%
They Got
Avg Score
53%
Avg Friend Score
Upgrade to see
Score Distribution
Jump to the score distribution portion of the page
Score
0/31
Timer
04:00
0
Plays Today
Year
Title
% Correct
1984
The Wasp Factory
94.5%
1987
Consider Phlebas
83.2%
1988
The Player of Games
82.5%
1992
The Crow Road
79.8%
1986
The Bridge
71.6%
1990
Use of Weapons
68.8%
1996
Excession
66.8%
1987
Espedair Street
64%
2008
Matter
64%
2013
The Quarry
63%
2012
The Hydrogen Sonata
61.8%
2000
Look to Windward
60.3%
1991
The State of the Art
58.4%
1995
Whit or Isis Among the Unsaved
57.9%
2004
The Algebraist
57.9%
1985
Walking on Glass
57.5%
Year
Title
% Correct
1994
Feersum Endjinn
57.2%
1998
Inversions
55.8%
1999
The Business
55.5%
1989
Canal Dreams
55.1%
2002
Dead Air
53.8%
2010
Surface Detail
52.8%
2007
The Steep Approach to Garbadale
52.1%
1993
Complicity
50.3%
1993
Against a Dark Background
48.3%
2012
Stonemouth
48.2%
2003
Raw Spirit
45.7%
1997
A Song of Stone
45.5%
2009
Transition
41.4%
2015
Poems
38%
2010
The Spheres
34.8%
Quiz Playlist
Details
Report
Send in Message
Add To Playlist
Classic:
Type in answers that appear in a list
Quiz Source
Last Updated: Sep 20, 2020
Quiz Scoreboard
CHALLENGE
Sign Up to Join the Scoreboard
Show All
Scores
Hide
Comments
May contain spoilers
Recently Published
1-10 Letter E Words III
by El_Dandy
Language
2m
Street Fighter Characters
by Artimus82
Gaming
60s
College Basketball Coaching Resumes
by pancakes188
Sports
9m
More to Explore
Quiz From the Vault
Featured Blog Post
Where Did the Easter Bunny Come From?
hide this ad
You Might Also Like...
Tags
Author Quiz
Book Quiz
Novel Quiz
bank
genre
iain
Today's Top Quizzes in Literature
Browse Literature
hide this ad
Today's Top Quizzes in Author
Browse Author
Top Contributed Quizzes in Literature
1
Sneaky Slytherin Logic Puzzle
2
Get The Picture: Black or White Literature
3
5-to-1: Plays
4
One Thing in Common: Literature
5
A Court of Thorns and Roses (ACoTaR) Logic Puzzle
6
One Thing in Common: Literature II
7
One Thing in Common: Books
8
One Thing in Common: Literature 3
9
'Middle' Earth
10
One Thing in Common: Books II
Explore More
Trending Topics
Disney
Crossword
Harry Potter
NBA
Kpop
Anime
Marvel
Country
Soccer
The Office
NFL
WWE
Pokémon
Song
Puzzle
hide this ad
More By:
nikki1810
Quiz
Plays
Rating
Category
Featured
Created
Heaviest Land Animals
127,766
3.08
Science
Sep 25, 2009
Multiple Word Countries
72,140
4.80
Geography
Sep 25, 2009
Morse Code
4,304
5.00
Miscellaneous
Nov 15, 2009
Oldest Current Countries
2,335
3.57
Geography
Oct 2, 2009
Civil Engineering Landmarks
1,225
3.00
Geography
Sep 23, 2009
Go to Creator's Profile
Score Distribution
Quiz Creator Spotlight
nikki1810
Follow
Send a Message
Quizzes Created
-
Created Quiz Play Count
-
More By This Creator
Popular Quizzes Today
1
Find the US States - No Outlines Minefield
2
Find the Countries of Europe - No Outlines Minefield
3
The Countries of the World
4
Find the US States
5
Risky Map Clicking: Biggest States A-Z
6
US States
7
Popular People in 1961
8
Movies - When Are They Set?
More Literature Quizzes
Word Cloud Titles II
Published
Trending Quizzes
Risky Map Clicking: Least Populous States A-Z
USA Borders Longest to Shortest
1-10 Letter G Words
1-10 Letter F Words
Countries of the World: 200 Million BC
Recently Updated
Leaping Animals
pecheneg
Reality TV Shows (A-Z)
bhenderson79
Rickey Henderson's Hall of Fame Teammates
pecheneg
Champions League XIs: Arsenal
pecheneg
Quick Pick: Celebrities in WWE's Hall of Fame
aduchscher
A-Z Keypad Blitz II
pecheneg
Multiple Oscar Actors
pecheneg
Mystery Phrase Blitz: Oscar 'Best Actors'
pecheneg
F. Scott Fitzgerald Novels
LTH
Pick 3 Villains
ddd62291
Trending Topics
Disney
Crossword
NBA
Anime
Harry Potter
Kpop
Marvel
Song
WWE
Puzzle
Pokémon
Soccer
Country
The Office
NFL
Your Account Isn't Verified!
In order to create a playlist on Sporcle, you need to verify the email address you used during registration. Go to your
Sporcle Settings
to finish the process.
Report this User
Report this user for behavior that violates our
Community Guidelines
.
Details:
Send Report
Go to the Sporcle.com Mobile Site →
Comments